Statistiques concernant Présidents français à l'écran par images

Cliquez ici pour prendre le quiz!

Statistiques générales

  • Ce quiz a été pris 4 788 fois
  • Le résultat moyen est 7 sur 16

Statistiques - réponses

Réponse% Correct
Charles de Gaulle
98%
François Hollande
93%
Jacques Chirac
84%
Nicolas Sarkozy
79%
Emmanuel Macron
68%
François Mitterrand
57%
Louis-Napoléon Bonaparte
54%
Valéry Giscard d'Estaing
53%
Georges Pompidou
48%
Félix Faure
18%
René Coty
18%
Raymond Poincaré
16%
Paul Deschanel
13%
Albert Lebrun
10%
Alexandre Millerand
9%
Armand Fallières
9%

Distribution des résultats

Percentile par nombre de réponses

% des personnes avec chaque résultat

Votre développement - résultats

Vous n’avez pas pris ce quiz